00502nam a2200193 a 4500001001300000003000900013005001700022008004100039020001000080082001500090100002300105245005300128260003500181300000900216500003500225505001000260650001500270700002300285nice12345678IN_TiNIC20260116013840.0050524s1998 dela grp 000 0 eng  ac50000a923.2bMUK aMukherjee, Subrata aEconomic and Social Principles of Mahatma Gandhi aDelhibDeep and Deep Pubc1998 a445p aincludes index and biblioraphy2 aIndex aGandhi M K1 aMukherjee, Subrata